| 000 -ლიდერი |
| ფიქსირებული სიგრძის საკონტროლო ველი |
01362nam a22002297a 4500 |
| 003 - საკონტროლო ნომრის იდენტიფიკატორი |
| საკონტროლო ველი |
Ge_BSU |
| 005 - ბოლო ოპერაციის თარიღი და დრო |
| საკონტროლო ველი |
20251203201658.0 |
| 008 - ფიქსირებული სიგრძის მონაცემთა ელემენტები - ზოგადი ინფორმაცია |
| ფიქსირებული სიგრძის საკონტროლო ველი |
251203s2022 ge ||||| |||| 00| 0 geo d |
| 020 ## - წიგნის საერთაშორისო სტანდარტული ნომერი |
| International Standard Book Number |
9789941333712 |
| 041 ## - ენის კოდი |
| Language code of text/sound track or separate title |
geo |
| 080 ## - უნივერსალური ათობითი კლასიფიკაციის ინდექსი |
| Universal Decimal Classification number |
821.353.1-31 პ-18 |
| 100 ## - მთავარი ჩანაწერი - პიროვნების სახელი |
| Personal name |
პაპიაშვილი, იაკობ |
| 9 (RLIN) |
26343 |
| 245 ## - ცნობა სათაურის შესახებ |
| Title |
ამირანი : |
| Remainder of title |
რომანი / |
| Statement of responsibility, etc |
იაკობ პაპიაშვილი; რედაქტორი რევაზ მიშველაძე; დიზაინერი ირაკლი უშვერიძე. |
| 250 ## - გამოცემის ცნობა |
| Edition statement |
პირველი გამოცემა |
| 264 ## - წარმოების, გამოცემის, დისტრიბუციის და სხვა ცნობები |
| გამოცემის, წარმოების, დისტრიბუციის... ადგილი |
თბილისი : |
| გამოცემის, წარმოების, დისტრიბუციის... სახელწოდება |
უნივერსალი, |
| გამოცემის, წარმოების, დისტრიბუციის... თარიღი |
2022. |
| 300 ## - ფიზიკური აღწერა |
| Extent |
202 გვ. ; |
| Other physical details |
20 სმ. |
| 500 ## - ზოგადი შენიშვნა |
| General note |
წიგნის გარეკანზე: ძველი თბილისისა და ქუთაისის ისტორიული ნაწილის ხედებისა და იერუსალიმის გეთსამანიის ბაღის სურათები. |
| 653 ## - INDEX TERM--UNCONTROLLED |
| Uncontrolled term |
ქართული პროზა |
| 700 ## - ADDED ENTRY--PERSONAL NAME |
| Personal name |
მიშველაძე, რევაზ |
| Relator term |
რედაქტორი |
| 9 (RLIN) |
3537 |
| 700 ## - ADDED ENTRY--PERSONAL NAME |
| Personal name |
უშვერიძე, ირაკლი |
| Relator term |
დიზაინერი |
| 9 (RLIN) |
19891 |
| 942 ## - ADDED ENTRY ELEMENTS (KOHA) |
| Source of classification or shelving scheme |
|
| Koha item type |
წიგნი |